| 000 | 00827nam a22002297a 4500 | ||
|---|---|---|---|
| 999 |
_c18147 _d18147 |
||
| 003 | AR-CdUCM | ||
| 008 | 190513b ||||| |||| 00| 0 spa d | ||
| 040 |
_aMUNICIPALIDAD PROVINCIAL DEL CUSCO _cBIBLIOTECA MUNICIPAL DEL CUSCO |
||
| 041 | _hfr | ||
| 082 |
_a377.21 / _bR71 |
||
| 100 |
_aRobin, Louis _938565 |
||
| 245 | _aDidactica de la agricultura y de la economia rural / | ||
| 260 |
_aBuenos Aires : _bKapelusz, _c1963. |
||
| 300 |
_a112 paginas ; _c21 cm. |
||
| 500 | _aLa agricultura Francesa | ||
| 505 | _aContenido: El lugar de la agricultura en la economia francesa -- Escuela y medio rural en Francia -- Iniciación en la agricultura y en la economia agricola | ||
| 650 |
_aAgricultura _9320 |
||
| 650 |
_aFrancia _91444 |
||
| 700 |
_aDelfino, Doba _938566 |
||
| 942 |
_2ddc _cLIBROS |
||
| 945 |
_aPjha _d2019-05-13 |
||